• 首页
  • 本馆介绍
  • 公告通知
  • 最新文献
  • 馆藏检索
  • 电子资源
  • 读者导购
  • 参考咨询
  • 我的图书馆
  • 登录
  • 详细信息显示
  • 放入我的书架
  • 预约/预借图书
  • 作者相关作品
  • 分类相关作品
  • 丛书相关作品
  • 出版社相关作品

书目信息

  • 表格格式
  • 工作单格式
  • 卡片格式
题名:
缩微摄影技术讲座
    
 
作者: 后滕公明 著 ;刘凤成 , 乔川 译
分册:  
出版信息: 北京   档案出版社  1987
页数: 342页
开本: 19cm
丛书名:
单 册:
中图分类: TB879 , G357.1
科图分类:
主题词: 缩微摄影-摄影技术 , 摄影技术-缩微摄影
电子资源:
ISBN:
000 00805nam0 2200289 45
001 0187006906
005 20040429101727.0
010    @dCNY2.70
091    @a7283.054
100    @a19900928d1987 em y0chiy0121 ea
101 1  @achi@cjpn
102    @aCN@b110000
105    @ay z 000yy
106    @ar
200 10 @a缩微摄影技术讲座@Asuo wei she ying ji shu jiang zuo@f(日)后滕公明著@g刘凤成, 乔川译
210    @a北京@c档案出版社@d1987
215    @a342页@d19cm
606    @a缩微摄影-摄影技术
606    @a摄影技术-缩微摄影
690    @aTB879@v3
690    @aG357.1
701  0 @a后滕公明@Ahou teng gong ming@4著
702  0 @a刘凤成@Aliu feng cheng@4译
702  0 @a乔川@Aqiao chuan@4译
801  0 @aCN@b深圳图书馆@c20040429
801  2 @aCN@bNLC@c20040429
905    @f1@b210084@dG357.1@e47
    
    缩微摄影技术讲座/(日)后滕公明著/刘凤成, 乔川译.-北京:档案出版社,1987
    342页;19cm
    
    
    ISBN :CNY2.70
    
●
相关链接 在E读中查询图书 在五车中查询图书 在当当中查询图书 在豆瓣中查询图书


正题名:缩微摄影技术讲座     索取号:G357.1/47         预约/预借

序号 登录号 条形码 馆藏地/架位号 状态 备注
1 0210084   000309053   密集书库/ [索取号:G357.1/47] 在馆    
2 0210085   000309062   第一样本阅览室/ [索取号:G357.1/47] 在馆    
唐山师范学院图书馆 欢迎您!
大连网信软件有限公司© 版权所有